[Event "World Rapid Women 2017"]
[Site "Riyadh KSA"]
[Date "2017.12.27"]
[Round "7.19"]
[White "Voit, Daria"]
[Black "Tokhirjonova, Gulrukhbegim"]
[Result "0-1"]
[WhiteElo "2397"]
[BlackElo "2171"]
[EventDate "2017.12.26"]

1. d4 Nf6 2. c4 e6 3. Nf3 Bb4+ 4. Nbd2 O-O 5. g3 b6 6. a3 Be7 7. Bg2 Bb7 8.
O-O d6 9. Qc2 Nbd7 10. b4 c5 11. Bb2 Qc7 12. dxc5 dxc5 13. b5 Rad8 14. a4
Bd6 15. Qc3 e5 16. Ng5 Bxg2 17. Kxg2 h6 18. Nge4 Be7 19. Qf3 Nxe4 20. Nxe4
f5 21. Nc3 e4 22. Qe3 Bg5 23. Nd5 Qb7 24. f4 Bf6 25. Nxf6+ Nxf6 26. h3 Qf7
27. Qc3 Rd4 28. Rfc1 Rfd8 29. a5 Rd2 30. Rc2 e3 31. Re1 Qb7+ 32. Kg1 Ne4
33. Qb3 Nxg3 34. Kh2 Qe4 35. Rxd2 exd2 36. Qxg3 Rd7 37. Be5 dxe1=Q 38. Qxe1
Qxc4 39. axb6 axb6 40. Kg3 Qxb5 41. Kf2 c4 42. Qa1 Qc5+ 43. Kf3 Qc6+ 44.
Kf2 b5 45. Qb1 c3 46. Qxf5 c2 47. Bb2 Rf7 48. Qe5 c1=Q 49. Bxc1 Qxc1 50.
Qe8+ Rf8 0-1

[Event "World Rapid Women 2017"]
[Site "Riyadh KSA"]
[Date "2017.12.27"]
[Round "7.20"]
[White "Zozulia, Anna"]
[Black "Girya, Olga"]
[Result "0-1"]
[WhiteElo "2256"]
[BlackElo "2390"]
[EventDate "2017.12.26"]

1. e4 c6 2. d4 d5 3. exd5 cxd5 4. Bd3 Nf6 5. Bf4 Nc6 6. c3 Bg4 7. Ne2 e6 8.
O-O Bd6 9. Qd2 Bxe2 10. Bxe2 Ne4 11. Qe3 Qb6 12. b3 O-O 13. Bxd6 Nxd6 14.
Bd3 e5 15. dxe5 Qxe3 16. fxe3 Nxe5 17. Rd1 Ng4 18. Na3 Nxe3 19. Rd2 Rac8
20. Re1 Ng4 21. c4 Rfe8 22. Rde2 Rxe2 23. Rxe2 dxc4 24. Nxc4 b5 25. Nd2 Kf8
26. h3 Rc1+ 27. Nf1 Nf6 28. Re5 a6 29. a4 Rc3 30. Be2 Rxb3 31. axb5 axb5
32. Nd2 Rb2 33. Nf3 b4 34. Nd4 b3 35. Re3 Rb1+ 36. Kh2 b2 37. Rb3 g6 38.
Nf3 Nd5 39. Bd3 Rd1 40. Bc2 Rc1 41. Rxb2 Kg7 42. Bb3 Ne3 43. h4 Ne4 44. g3
Ng4+ 45. Kg2 Ne3+ 46. Kh2 Rc3 47. Ba2 Nf1+ 48. Kg2 Nfxg3 49. Bd5 Rc5 50.
Ba8 Ra5 51. Bc6 Rc5 52. Ba8 h6 53. Rb4 Rc2+ 54. Kh3 f5 55. Rb7+ Kf6 56.
Rb6+ Kg7 57. Rb7+ Kf8 58. Ne5 Nf1 59. Nf3 Nf2+ 60. Kg2 Ne3+ 61. Kg3 Ne4+
62. Kf4 Ng2+ 63. Ke5 Rc5+ 64. Kd4 Rc8 65. Ra7 Rd8+ 66. Ke5 Re8+ 67. Kd4 Nf4
68. Ne5 Ne2+ 69. Kd5 N2c3+ 0-1

[Event "World Rapid Women 2017"]
[Site "Riyadh KSA"]
[Date "2017.12.27"]
[Round "7.21"]
[White "Assaubayeva, Bibisara"]
[Black "Zimina, Olga"]
[Result "0-1"]
[WhiteElo "1949"]
[BlackElo "2376"]
[EventDate "2017.12.26"]

1. d4 d5 2. c4 c6 3. Nf3 Nf6 4. Nc3 dxc4 5. a4 Bf5 6. Ne5 Na6 7. f3 Nd7 8.
Nxc4 e5 9. Nxe5 Nxe5 10. dxe5 Qxd1+ 11. Nxd1 Nb4 12. Ne3 Be6 13. Bd2 O-O-O
14. Rc1 Na2 15. Ra1 Bc5 16. Nd1 Rd7 17. Nc3 Nb4 18. Rc1 Rxd2 19. Ne4 Be3
20. Nxd2 Rd8 21. Nc4 Bxc1 22. Nd6+ Kc7 23. e4 Bxb2 24. f4 f6 25. Bc4 fxe5
26. fxe5 Bxe5 27. Bxe6 Rxd6 0-1

[Event "World Rapid Women 2017"]
[Site "Riyadh KSA"]
[Date "2017.12.27"]
[Round "7.22"]
[White "Saduakassova, Dinara"]
[Black "Lagno, Kateryna"]
[Result "1-0"]
[WhiteElo "2350"]
[BlackElo "2590"]
[EventDate "2017.12.26"]

1. d4 Nf6 2. c4 g6 3. g3 Bg7 4. Bg2 O-O 5. Nc3 d6 6. Nf3 Nbd7 7. O-O e5 8.
e4 exd4 9. Nxd4 Re8 10. Qc2 Nc5 11. Rd1 Ng4 12. b3 Ne5 13. Ba3 Bd7 14. h3
h5 15. f4 Nc6 16. Nxc6 bxc6 17. Bxc5 dxc5 18. e5 Qe7 19. Qf2 f6 20. e6 Qxe6
21. Ne4 Qe7 22. Nxc5 Rad8 23. Nxd7 Rxd7 24. Re1 Qd8 25. Rxe8+ Qxe8 26. Bxc6
f5 27. Re1 Qd8 28. Bxd7 Qxd7 29. Kg2 c6 30. Qe2 Kh7 31. Rd1 Qb7 32. Qe6 Qa6
33. a4 Qb7 34. Rd6 c5+ 35. Kh2 1-0

[Event "World Rapid Women 2017"]
[Site "Riyadh KSA"]
[Date "2017.12.27"]
[Round "7.24"]
[White "Socko, Monika"]
[Black "Berend, Elvira"]
[Result "0-1"]
[WhiteElo "2421"]
[BlackElo "2355"]
[EventDate "2017.12.26"]

1. d4 Nf6 2. c4 e6 3. Nc3 Bb4 4. e3 O-O 5. Ne2 Re8 6. a3 Bf8 7. d5 d6 8. g3
exd5 9. cxd5 Bf5 10. Bg2 Qc8 11. h3 Ne4 12. g4 Nxc3 13. Nxc3 Bd7 14. e4 f5
15. gxf5 Bxf5 16. Be3 Bd7 17. Qd2 Na6 18. O-O-O b5 19. Na2 Rb8 20. Kb1 Nc5
21. f3 a5 22. Bf1 b4 23. axb4 axb4 24. Nxb4 Be7 25. Bxc5 dxc5 26. Ba6 Qd8
27. Nc6 Bxc6 28. dxc6 Bd6 29. f4 Qh4 30. e5 Bf8 31. Qd5+ Kh8 32. Bc4 Be7
33. Rhf1 Rf8 34. Qe6 Rbe8 35. Qg4 Qh6 36. Rd7 Qxc6 37. Rg1 g6 38. Qe6 Qxe6
39. Bxe6 Rxf4 40. Rgd1 Bg5 41. Bg4 Rxe5 42. Rxc7 Be7 43. Rdd7 Rfe4 44. Bf3
Re3 45. Bd5 Kg7 46. Kc2 h5 47. Bc4 Kh6 48. Rc6 Rxh3 49. Bd3 Rg3 50. Rc8 h4
51. Rh8+ Kg7 52. Re8 Kf6 53. Rc7 h3 54. Rc6+ Re6 55. Rcc8 Rg2+ 56. Kc3 h2
57. Rh8 Kg5 58. Rh7 Bf6+ 59. Kc4 Rg4+ 60. Kxc5 Rh4 61. Rxh4 Kxh4 62. Rc7
Be7+ 63. Kd5 Rd6+ 64. Ke5 h1=Q 0-1

[Event "World Rapid Women 2017"]
[Site "Riyadh KSA"]
[Date "2017.12.27"]
[Round "7.25"]
[White "Nechaeva, Marina"]
[Black "Cori T., Deysi"]
[Result "1/2-1/2"]
[WhiteElo "2419"]
[BlackElo "2352"]
[EventDate "2017.12.26"]

1. d4 Nf6 2. c4 e6 3. Nc3 Bb4 4. Nf3 c5 5. g3 O-O 6. Bg2 cxd4 7. Nxd4 d5 8.
cxd5 Nxd5 9. Qb3 Qb6 10. Bxd5 exd5 11. Be3 Bxc3+ 12. Qxc3 Qg6 13. O-O Nc6
14. Nf3 Bg4 15. Rfd1 Rad8 16. Rd2 Qh5 17. Bd4 Rfe8 18. Bxg7 Rxe2 19. Rxe2
Bxf3 20. Rd2 d4 21. Bxd4 Nxd4 22. Rxd4 Rxd4 23. Qxd4 Qh3 24. Qd8+ Kg7 25.
Qg5+ Kf8 26. Qc5+ Kg8 27. Qg5+ Kf8 28. Qc5+ Kg8 29. Qg5+ 1/2-1/2

[Event "World Rapid Women 2017"]
[Site "Riyadh KSA"]
[Date "2017.12.27"]
[Round "7.27"]
[White "Bulmaga, Irina"]
[Black "Savina, Anastasia"]
[Result "0-1"]
[WhiteElo "2347"]
[BlackElo "2394"]
[EventDate "2017.12.26"]

1. e4 e5 2. Nf3 Nc6 3. Bc4 Bc5 4. O-O Nf6 5. d3 O-O 6. c3 d5 7. exd5 Nxd5
8. a4 a5 9. Re1 Bg4 10. Nbd2 Nb6 11. Bb5 Bd6 12. h3 Bh5 13. Ne4 Ne7 14. d4
exd4 15. Nxd6 cxd6 16. cxd4 Ned5 17. Bd2 h6 18. Bd3 Qf6 19. Be4 Bg6 20. Rc1
Bxe4 21. Rxe4 Qf5 22. Rg4 Nf6 23. Rf4 Qe6 24. Nh2 Nbd5 25. Rf3 Rfe8 26. Nf1
Ne4 27. Ne3 Nxe3 28. Rxe3 Qd7 29. Be1 d5 30. f3 Nd6 31. Rxe8+ Rxe8 32. Bxa5
Nc4 33. Bc3 Ne3 34. Qd2 Qxa4 35. Re1 Nc4 36. Rxe8+ Qxe8 37. Qd3 Qe3+ 38.
Qxe3 Nxe3 39. Bb4 f6 40. b3 Kf7 41. Kf2 Nf5 42. Bc5 Ke6 43. g4 Nd6 44. Ke3
g6 45. h4 h5 46. Kf4 Nb5 47. Kg3 Nc3 48. gxh5 gxh5 49. Kf4 Ne2+ 50. Ke3 Ng3
51. Kf4 Nf5 52. Bb6 Nxh4 53. Kg3 Ng6 54. Bc7 Kf5 55. Bd6 Nh8 56. Kh4 Kg6
57. b4 Nf7 58. Bc7 b5 59. Bf4 Nd8 60. Bd2 Ne6 61. Be3 Ng7 62. Bf2 Nf5+ 63.
Kh3 Kg5 64. Bg1 Kf4 65. Kg2 Nh4+ 66. Kf1 Nxf3 67. Bf2 Ke4 68. Kg2 Nxd4 69.
Kh3 Nf5 70. Kg2 d4 71. Kf1 d3 72. Ke1 h4 73. Kd2 h3 74. Bg1 Nh4 0-1

[Event "World Rapid Women 2017"]
[Site "Riyadh KSA"]
[Date "2017.12.27"]
[Round "7.28"]
[White "Atalik, Ekaterina"]
[Black "Mammadova, Gulnar"]
[Result "1-0"]
[WhiteElo "2389"]
[BlackElo "2337"]
[EventDate "2017.12.26"]

1. d4 g6 2. Nf3 d6 3. g3 Bg7 4. Bg2 Nd7 5. O-O e5 6. dxe5 dxe5 7. c4 Ne7 8.
Nc3 O-O 9. Qc2 c6 10. Rd1 Qc7 11. b3 Nf5 12. e3 Re8 13. Bb2 Nf6 14. Rac1
Bd7 15. Qb1 Rad8 16. Na4 c5 17. Nc3 Bc6 18. Nb5 Rxd1+ 19. Rxd1 Qb8 20. Qa1
Ne4 21. Nd2 Nxd2 22. Rxd2 Bxg2 23. Kxg2 a6 24. Nc3 b5 25. Nd5 bxc4 26. bxc4
Qb7 27. Qd1 Rb8 28. Ba3 Bf8 29. Rb2 Qc8 30. Rxb8 Qxb8 31. Nf6+ Kg7 32. Nd7
Qd8 33. Qd5 Bd6 34. Nxe5 Qc7 35. Bb2 f6 36. Ng4 Be7 37. e4 Nd4 38. Bxd4
cxd4 39. Qxd4 h5 40. Ne3 Qc6 41. Nd5 Bc5 42. Qb2 a5 43. e5 fxe5 44. Qxe5+
Kf7 45. Qc7+ Qxc7 46. Nxc7 Ke7 47. f4 Kd6 48. Nd5 a4 49. Kf3 a3 50. h3 Bd4
51. Ke4 Bg7 52. g4 hxg4 53. hxg4 Kc5 54. Kd3 Bf8 55. Nc3 Bh6 56. g5 Bg7 57.
Ne4+ Kc6 58. Nf6 Bf8 59. Ng4 Kd6 60. Ne5 Ke6 61. Nxg6 Bc5 1-0

[Event "World Rapid Women 2017"]
[Site "Riyadh KSA"]
[Date "2017.12.27"]
[Round "7.29"]
[White "Zatonskih, Anna"]
[Black "Kovanova, Baira"]
[Result "0-1"]
[WhiteElo "2388"]
[BlackElo "2300"]
[EventDate "2017.12.26"]

1. d4 Nf6 2. Nf3 e6 3. g3 b6 4. Bg2 Bb7 5. O-O Be7 6. Re1 O-O 7. Bg5 h6 8.
Bxf6 Bxf6 9. e4 d5 10. e5 Be7 11. Nbd2 c5 12. dxc5 bxc5 13. c4 d4 14. Nb3
Qc7 15. Nfd2 Bxg2 16. Kxg2 Nc6 17. f4 Nb4 18. a3 Nd3 19. Re4 Nxb2 20. Qc2
Na4 21. Nxd4 cxd4 22. Qxa4 Rfd8 23. Rd1 Rab8 24. Nb3 Qb7 25. Nd2 Qb2 26.
Kh3 Qc3 27. Qxa7 Bxa3 28. Nb1 Qf3 29. Rexd4 Qh5+ 30. Kg2 Rb2+ 31. R4d2 Qxd1
0-1

[Event "World Rapid Women 2017"]
[Site "Riyadh KSA"]
[Date "2017.12.27"]
[Round "7.30"]
[White "Sukandar, Irine Kharisma"]
[Black "Fataliyeva, Ulviyya"]
[Result "1/2-1/2"]
[WhiteElo "2376"]
[BlackElo "2085"]
[EventDate "2017.12.26"]

1. d4 e6 2. Bf4 d5 3. e3 c5 4. c3 Nf6 5. Nd2 Nc6 6. Ngf3 Bd6 7. Bg3 O-O 8.
Ne5 Qc7 9. f4 Ne7 10. Bd3 Ne8 11. O-O f6 12. Nef3 g6 13. Rc1 Ng7 14. e4
Bxf4 15. Bxf4 Qxf4 16. Qe2 Qc7 17. e5 f5 18. dxc5 Qxc5+ 19. Nd4 Nc6 20. Nb3
Qb6 21. Kh1 Bd7 22. Rce1 a5 23. Nf3 a4 24. Nbd4 a3 25. b3 Rac8 26. Qd2 Qa5
27. b4 Qb6 28. Qh6 Rf7 29. Ng5 Nh5 30. Nxf7 Kxf7 31. Qxh7+ Ng7 32. Nf3 Ne7
33. Ng5+ Kf8 34. Qh4 Ng8 35. Nh7+ Kf7 36. Nf6 Qd8 37. Qd4 Nxf6 38. exf6
Qxf6 39. Re5 Rh8 40. Rfe1 Nh5 41. Kg1 Rc8 42. c4 Bc6 43. b5 Bd7 44. cxd5
Rd8 45. Bc4 Kg7 46. Qb6 Nf4 47. dxe6 Bxe6 48. Bxe6 Rd2 49. Qxb7+ Kh6 50.
Bd5 Qg5 51. Bf3 Nh3+ 52. Kh1 Nf2+ 53. Kg1 Nh3+ 54. Kh1 Nf2+ 55. Kg1 Nh3+
56. Kh1 1/2-1/2

[Event "World Rapid Women 2017"]
[Site "Riyadh KSA"]
[Date "2017.12.27"]
[Round "7.31"]
[White "Shuvalova, Polina"]
[Black "Skripchenko, Almira"]
[Result "1-0"]
[WhiteElo "2241"]
[BlackElo "2448"]
[EventDate "2017.12.26"]

1. d4 d6 2. e4 Nf6 3. Nc3 e5 4. Nf3 Nbd7 5. Bc4 Be7 6. O-O O-O 7. Re1 a6 8.
a4 b6 9. h3 Bb7 10. d5 Kh8 11. a5 Ng8 12. b4 g6 13. Bd3 f5 14. Bb2 b5 15.
Ne2 fxe4 16. Bxe4 Ndf6 17. Ng3 Nxe4 18. Nxe4 h6 19. Qd3 Kh7 20. Rad1 Bf6
21. c4 bxc4 22. Qxc4 Ne7 23. Nxf6+ Rxf6 24. Nxe5 dxe5 25. Bxe5 Rf5 26. d6
cxd6 27. Rxd6 Qc8 28. Qxc8 Bxc8 29. Bd4 Ng8 30. Re8 Rf4 31. Rdd8 g5 32. Be3
Rxb4 33. Rxg8 Rc4 34. Kh2 Rb8 35. Bb6 Rc6 36. Bd4 Rc4 37. Rg7# 1-0

[Event "World Rapid Women 2017"]
[Site "Riyadh KSA"]
[Date "2017.12.27"]
[Round "7.32"]
[White "Charkhalashvili, Inga"]
[Black "Mkrtchian, Lilit"]
[Result "1/2-1/2"]
[WhiteElo "2337"]
[BlackElo "2423"]
[EventDate "2017.12.26"]

1. d4 Nf6 2. c4 e6 3. Nf3 b6 4. g3 Ba6 5. b3 Bb4+ 6. Bd2 Be7 7. Bg2 c6 8.
Bc3 d5 9. Nbd2 Nbd7 10. O-O O-O 11. Bb2 Bb7 12. Rc1 Rc8 13. Ne5 c5 14. dxc5
Nxe5 15. Bxe5 Bxc5 16. Bxf6 Qxf6 17. cxd5 Bxd5 18. Bxd5 exd5 19. Nf3 Rcd8
20. Qd3 Rfe8 21. Rc2 h5 22. Kg2 a5 23. h4 g6 24. Rd1 Re4 25. e3 Ree8 26.
Qb5 Qe6 27. Rcd2 Kf8 28. Ng5 Qe5 29. Qc6 Rd6 30. Qa4 Red8 31. Nf3 Qe4 32.
Rd3 f6 33. Qb5 g5 34. hxg5 fxg5 35. Rd4 Bxd4 36. Rxd4 Qe7 37. Qd3 Kg7 38.
Qf5 Qf6 39. Qxg5+ Qxg5 40. Nxg5 Kf6 41. Nh3 Rc8 42. Nf4 Ke5 43. Nd3+ Ke6
44. Nf4+ Ke5 45. Nd3+ Ke6 46. Nf4+ Ke5 47. Nd3+ 1/2-1/2

[Event "World Rapid Women 2017"]
[Site "Riyadh KSA"]
[Date "2017.12.27"]
[Round "7.33"]
[White "Ovod, Evgenija"]
[Black "Gaponenko, Inna"]
[Result "0-1"]
[WhiteElo "2158"]
[BlackElo "2399"]
[EventDate "2017.12.26"]

1. d4 d6 2. c4 e5 3. Nf3 e4 4. Ng5 f5 5. g3 h6 6. Nh3 g5 7. f4 exf3 8. exf3
Bg7 9. f4 Qe7+ 10. Be2 g4 11. Nf2 Nc6 12. d5 Nd4 13. Nc3 Bd7 14. O-O O-O-O
15. Re1 Qf6 16. Be3 h5 17. h4 gxh3 18. Nxh3 h4 19. Kg2 hxg3 20. Qd2 Nh6 21.
Rad1 Nxe2 22. Qxe2 Ng4 23. Bd4 Qh6 24. Rh1 Bxd4 25. Rxd4 Rde8 26. Qd2 Ne3+
27. Kg1 g2 28. Rh2 Nf1 29. Qxg2 Nxh2 30. Kxh2 Re3 0-1

[Event "World Rapid Women 2017"]
[Site "Riyadh KSA"]
[Date "2017.12.27"]
[Round "7.34"]
[White "Melia, Salome"]
[Black "Szczepkowska, Karina"]
[Result "1-0"]
[WhiteElo "2398"]
[BlackElo "2272"]
[EventDate "2017.12.26"]

1. b3 e5 2. Bb2 Nc6 3. e3 d5 4. Bb5 Bd6 5. f4 Qe7 6. Nf3 f6 7. Nc3 Be6 8.
fxe5 fxe5 9. e4 Nf6 10. exd5 Nxd5 11. Ne4 O-O 12. O-O Kh8 13. Nfg5 Bg8 14.
Qh5 Nf4 15. Qg4 h6 16. g3 Ne6 17. Nf3 Rxf3 18. Qxf3 Ned4 19. Bxd4 Nxd4 20.
Qd3 Bh7 21. Bc4 b5 22. Bf7 Bc5 23. Kh1 Rd8 24. Rae1 Bb6 25. Bh5 c6 26. Rf7
Qe6 27. Qf1 Nf5 28. g4 Ne7 29. Rf8+ Ng8 30. Rxd8 Bxd8 31. Qf7 Qd5 32. Qxd5
cxd5 33. Nd6 g6 34. Nf7+ Kg7 35. Nxd8 gxh5 36. Rxe5 hxg4 37. Kg1 Bxc2 38.
Rxd5 a6 39. b4 Nf6 40. Rd6 Ne4 41. Rd4 Kf6 42. Nc6 Kg5 43. d3 Nd2 44. Kf2
Nf3 45. Rd5+ Kf4 46. Nd4 Nxd4 47. Rxd4+ Kf5 48. Rd5+ Kf4 49. Rh5 Bxd3 50.
Rxh6 Ke4 51. Rxa6 Kd4 52. Kg3 Be2 53. Rf6 Kc3 54. Rf4 Bd1 55. Kf2 Kb2 56.
Rd4 Bf3 57. h3 Kc3 58. Rf4 Bd5 59. hxg4 Bxa2 60. g5 Bc4 61. g6 Kxb4 62. g7
1-0

[Event "World Rapid Women 2017"]
[Site "Riyadh KSA"]
[Date "2017.12.27"]
[Round "7.35"]
[White "Ordaz Valdes, Lisandra Teresa"]
[Black "Javakhishvili, Lela"]
[Result "1/2-1/2"]
[WhiteElo "2330"]
[BlackElo "2388"]
[EventDate "2017.12.26"]

1. d4 d6 2. c4 e5 3. Nc3 exd4 4. Qxd4 Nc6 5. Qd2 Nf6 6. b3 a5 7. e4 a4 8.
Rb1 axb3 9. axb3 Be7 10. Bd3 O-O 11. Nge2 Re8 12. O-O Bf8 13. Bb2 Nb4 14.
Ng3 Nxd3 15. Qxd3 Ng4 16. Nf5 c6 17. Ne3 Ne5 18. Qd4 Qh4 19. f4 Ng6 20. g3
Qh3 21. Ncd1 Ra2 22. Nf2 Qh5 23. Nd3 c5 24. Qd5 Qe2 25. Rfe1 Qd2 26. Nf1
Qa5 27. Qh5 b5 28. f5 Ne5 29. Nxe5 dxe5 30. Qe2 bxc4 31. bxc4 Bb7 32. Ra1
g6 33. Bc3 Rxe2 34. Rxa5 Rxe1 35. Bxe1 Bxe4 36. fxg6 hxg6 37. Bf2 Rc8 38.
Ne3 Bd3 39. Nd5 Rc6 40. Ra8 Kg7 41. Ra4 Bd6 42. Be3 e4 43. Kf2 Be5 44. Bf4
Bd4+ 45. Be3 Rc8 46. Bxd4+ cxd4 47. c5 Rxc5 48. Rxd4 Rc2+ 49. Kg1 Rc1+ 50.
Kg2 Rc2+ 51. Kg1 g5 52. Ne3 Rc1+ 53. Kg2 Ra1 54. g4 Kf6 55. Rd5 Re1 56. Nf5
Bc4 57. Rc5 Be6 58. Kf2 Rh1 59. Ng3 Rxh2+ 60. Kg1 Ra2 61. Nxe4+ Ke7 62.
Rxg5 Ra4 63. Nc5 Ra1+ 64. Kf2 Kf6 65. Ne4+ 1/2-1/2

[Event "World Rapid Women 2017"]
[Site "Riyadh KSA"]
[Date "2017.12.27"]
[Round "7.36"]
[White "Mammadzada, Gunay"]
[Black "Ambartsumova, Karina"]
[Result "0-1"]
[WhiteElo "2254"]
[BlackElo "2388"]
[EventDate "2017.12.26"]

1. e4 c5 2. Nf3 Nc6 3. d4 cxd4 4. Nxd4 Qb6 5. Nb3 Nf6 6. Nc3 e6 7. Qe2 Bb4
8. Bd2 a5 9. a3 Bxc3 10. Bxc3 e5 11. O-O-O O-O 12. f4 d5 13. Rxd5 Nxd5 14.
exd5 Nd4 15. Qxe5 Nxb3+ 16. cxb3 f6 17. Qe4 Bd7 18. Bd3 g6 19. Bc4 Qd6 20.
a4 Rae8 21. Qd4 b6 22. h3 Bf5 23. g4 Be4 24. Rf1 Bg2 25. Rg1 Be4 26. Qd2
Rd8 27. Re1 Rde8 28. h4 Bf3 29. Rg1 Re4 30. g5 Qxf4 31. Qxf4 Rxf4 32. gxf6
Rd8 33. Rf1 Rf5 34. Bd3 Be4 35. Rxf5 gxf5 36. Be2 Bxd5 37. b4 axb4 38. Bxb4
Bb3 39. a5 bxa5 40. Bxa5 Rd4 41. h5 Kf7 42. Bc3 Rd8 43. Bf3 Rd7 44. Be2 Rd6
45. Bf3 Rd8 46. Be2 Re8 47. Bd3 Rd8 48. Be2 Ke6 49. Bf3 Rd3 50. Be2 Rd8 51.
Bf3 Rd7 52. Be2 Rd8 53. Bf3 Kf7 54. Be2 f4 55. Bd2 Rc8+ 56. Bc3 Re8 57. Bg4
Bd5 58. Kd2 f3 59. Bd4 Re2+ 60. Kd3 Be4+ 61. Kc3 Rc2+ 62. Kb3 f2 63. Bh3
Rd2 64. Kc4 Re2 65. h6 Bf5 66. Bg2 Rc2+ 67. Kb3 Rd2 68. Kc4 Be4 69. Bh3
Rc2+ 70. Kb3 Rd2 71. Kc4 Rd3 72. Bf1 Rd1 0-1

[Event "World Rapid Women 2017"]
[Site "Riyadh KSA"]
[Date "2017.12.27"]
[Round "7.37"]
[White "Michna, Marta"]
[Black "Galojan, Lilit"]
[Result "*"]
[WhiteElo "2306"]
[BlackElo "2378"]
[EventDate "2017.12.26"]

1. d4 Nf6 2. c3 g6 3. Nf3 Bg7 4. h3 b6 5. Bf4 Bb7 6. Nbd2 c5 7. e3 O-O 8.
Be2 d6 9. O-O Nbd7 10. Re1 Qc7 11. a4 a6 12. Bf1 Rac8 13. Bc4 Qb8 14. Bh2
Qa8 15. Qb3 d5 16. Bf1 e6 17. Ne5 Nxe5 18. Bxe5 Nd7 19. Bxg7 Kxg7 20. Rad1
Qb8 21. Nf3 Qc7 22. Qa3 Rfd8 23. Rc1 e5 24. b4 e4 25. Nd2 c4 26. b5 axb5
27. axb5 Ra8 28. Qb4 Nf8 29. Ra1 f5 30. h4 Kf7 31. g3 Qe7 32. Qxe7+ Kxe7
33. Be2 Ne6 34. Bxc4 dxc4 35. Nxc4 Nc7 36. Nxb6 Rxa1 37. Rxa1 Nxb5 38. c4
Nc7 39. Ra5 Kd6 40. d5 Na6 41. Na4 Rc8 42. Nb6 Nc5 43. Nxc8+ Bxc8 44. Ra8
Ba6 45. Rd8+ Ke7 46. Rh8 Bxc4 47. Rxh7+ Kd6 48. Rg7 Bxd5 49. Rxg6+ Ke7 50.
h5 Bf7 51. Rc6 Ne6 52. h6 Kf6 53. Ra6 Kg6 54. Ra7 Ng5 55. Ra6+ Be6 56. Kg2
Kxh6 57. g4 fxg4 58. Kg3 Kg7 59. Kf4 Kf6 60. Rb6 Nh3+ 61. Kg3 Ng5 62. Kf4
Nh3+ 63. Kg3 Ng1 64. Kf4 Nh3+ 65. Kg3 Ke5 66. Rb5+ Bd5 67. Ra5 Kd6 68. Ra6+
Bc6 69. Ra2 Bd7 70. Rd2+ Ke7 71. Rd5 Bc6 72. Rf5 Ng1 73. Rh5 Ne2+ 74. Kxg4
Bd7+ 75. Kg5 Ke6 76. Rh1 Ke5 77. Ra1 Nc3 78. Ra5+ Nd5 79. Kh4 Be6 80. Kg3
Bf7 81. Rb5 Bh5 82. Ra5 Bf3 83. Ra6 Nc3 84. Ra5+ Kd6 85. Kf4 Nd1 86. Ra2
Nc3 87. Ra6+ Kc5 88. Ra8 Kc4 89. Rd8 Kb3 90. Rd2 Nb1 91. Rd4 Nc3 92. Rd2
Ka3 93. Ke5 Kb4 94. Rd8 Kc4 *

[Event "World Rapid Women 2017"]
[Site "Riyadh KSA"]
[Date "2017.12.27"]
[Round "7.38"]
[White "Hoang, Thanh Trang"]
[Black "Mamedjarova, Zeinab"]
[Result "1-0"]
[WhiteElo "2364"]
[BlackElo "2303"]
[EventDate "2017.12.26"]

1. d4 d5 2. Bf4 Nf6 3. e3 e6 4. Nd2 Bd6 5. Bg3 O-O 6. Bd3 Nbd7 7. Ngf3 b6
8. c3 Bb7 9. Qc2 Qe7 10. Ne5 h6 11. f4 Ne8 12. Ndf3 Bxe5 13. fxe5 c5 14.
Qe2 Nc7 15. Bh4 f6 16. exf6 gxf6 17. O-O Qf7 18. Ne5 Nxe5 19. Rxf6 Nxd3 20.
Rxf7 Rxf7 21. Qxd3 Ba6 22. Qg6+ Rg7 23. Qxh6 Rf8 24. Bf6 Rg4 25. h3 Ne8 26.
Be7 Rf7 27. hxg4 Rxe7 28. Re1 Bd3 29. Rd1 c4 30. Rd2 Ng7 31. Rf2 Be4 32.
Qf6 Rd7 33. g3 b5 34. Qf8+ Kh7 35. Rh2+ Kg6 36. Qg8 Re7 37. Qh7+ Kf7 38.
Rf2+ Ke8 39. Qg8+ Kd7 40. Rf7 Ne8 41. Qf8 Rxf7 42. Qxf7+ Kd8 43. g5 1-0

[Event "World Rapid Women 2017"]
[Site "Riyadh KSA"]
[Date "2017.12.27"]
[Round "7.39"]
[White "Fierro Baquero, Martha L."]
[Black "Li, Ruofan"]
[Result "0-1"]
[WhiteElo "2318"]
[BlackElo "2397"]
[EventDate "2017.12.26"]

1. c4 e6 2. Nf3 d5 3. b3 Nf6 4. g3 b6 5. Bg2 Bb7 6. O-O Be7 7. Bb2 O-O 8.
e3 c5 9. Nc3 dxc4 10. bxc4 Nc6 11. d3 Nb4 12. d4 Rc8 13. a3 cxd4 14. exd4
Nc6 15. Ne5 Qc7 16. Nb5 Qb8 17. Nxc6 Bxc6 18. Bxc6 Rxc6 19. d5 exd5 20.
cxd5 Rc5 21. d6 Bd8 22. Qd3 Rd5 23. Qb3 a6 24. Nc7 Rxd6 25. Nxa6 Qa8 26.
Nb4 Ne4 27. Qf3 Bf6 28. Bxf6 Rxf6 29. Qg2 h6 30. Rad1 Re6 31. Rd3 Rfe8 32.
Nd5 Nc5 33. Rdd1 Qa7 34. Qf3 Ne4 35. h4 Re5 36. Nf4 Qa5 37. Qd3 Nf6 38. Qf3
Rc5 39. Rd3 Rc2 40. Qd1 Qc5 41. Rd8 Ra2 42. Rxe8+ Nxe8 43. Qd8 Kf8 44. Nd3
Qd6 45. Qxd6+ Nxd6 46. Rb1 Rxa3 47. Nf4 b5 48. Nd5 Ra7 49. Kf1 Ke8 50. Re1+
Kd8 51. Re3 Rb7 52. Ke2 Kd7 53. Kd3 Kc6 54. Nb4+ Kc5 55. Na6+ Kb6 56. Nb4
Nc4 57. Re4 Ra7 58. Kd4 Rd7+ 59. Kc3 f6 60. h5 Ne5 61. f4 Nf7 62. Re6+ Nd6
63. Kd4 Ka5 64. Kc5 Nb7+ 65. Kc6 Kxb4 66. Kxd7 Nc5+ 67. Ke7 Nxe6 68. Kxe6
Kc5 69. Kf7 b4 70. Kxg7 b3 71. Kxh6 b2 72. Kg7 b1=Q 73. h6 f5 74. h7 Qb2+
75. Kg8 Qb3+ 76. Kg7 Qc3+ 77. Kg8 Qc4+ 78. Kg7 Qd4+ 79. Kg8 Qd5+ 80. Kg7
Qd7+ 81. Kg8 Qd5+ 82. Kg7 Qd4+ 83. Kg8 Qc4+ 84. Kg7 Qc3+ 85. Kg8 Qxg3+ 86.
Kh8 Qxf4 87. Kg7 Qd4+ 0-1

[Event "World Rapid Women 2017"]
[Site "Riyadh KSA"]
[Date "2017.12.27"]
[Round "7.40"]
[White "Arakhamia-Grant, Ketevan"]
[Black "Gu, Xiaobing"]
[Result "1-0"]
[WhiteElo "2380"]
[BlackElo "2332"]
[EventDate "2017.12.26"]

1. e4 c5 2. Nf3 d6 3. Bb5+ Nc6 4. O-O Bd7 5. c3 Nf6 6. Re1 a6 7. Bf1 Bg4 8.
h3 Bh5 9. d3 e6 10. Nbd2 Be7 11. a4 Qc7 12. g4 Bg6 13. Bg2 Rd8 14. Nf1 c4
15. Nh4 cxd3 16. Nxg6 hxg6 17. Qxd3 d5 18. exd5 Nxd5 19. Qc4 O-O 20. Bd2
Qb6 21. b4 Bh4 22. Re2 g5 23. Nh2 Ne5 24. Qe4 Ng6 25. Nf3 Ngf4 26. Bxf4
Nxf4 27. Rc2 f5 28. gxf5 Rxf5 29. Rf1 Rdf8 30. Nh2 Nh5 31. Qxb7 Qd6 32. Ng4
Nf6 33. Qc6 Qe7 34. Re2 Nxg4 35. hxg4 R5f6 36. Qxa6 Qf7 37. Qb6 Bg3 38. Qe3
Bf4 39. Qe4 Rh6 40. Rd1 Bh2+ 41. Kf1 Bg3 42. Qe3 Bf4 43. Qf3 Qa7 44. a5
Rhf6 45. Qb7 Be3 46. Qxa7 Rxf2+ 47. Rxf2 Rxf2+ 48. Ke1 Bxa7 49. Be4 Rf4 50.
Bg6 Kf8 51. Rd7 Be3 52. Ke2 Bg1 53. a6 Rxg4 54. Rf7+ Kg8 55. a7 Bxa7 56.
Rxa7 Kf8 57. Rf7+ Kg8 58. Re7 Kf8 59. Re8# 1-0

[Event "World Rapid Women 2017"]
[Site "Riyadh KSA"]
[Date "2017.12.27"]
[Round "7.41"]
[White "Khukhashvili, Sopiko"]
[Black "Kulon, Klaudia"]
[Result "0-1"]
[WhiteElo "2370"]
[BlackElo "2325"]
[EventDate "2017.12.26"]

1. e4 e5 2. Nf3 Nc6 3. Bb5 a6 4. Ba4 d6 5. c3 Bd7 6. O-O g6 7. d4 Bg7 8.
Bg5 Nge7 9. Qd2 h6 10. Be3 b5 11. Bc2 f5 12. exf5 gxf5 13. dxe5 dxe5 14.
Re1 Be6 15. Bc5 e4 16. Nd4 Nxd4 17. cxd4 Nc6 18. Rd1 Bf7 19. Nc3 Qg5 20. f4
Qf6 21. d5 Na5 22. Nxe4 fxe4 23. Qxa5 Qxf4 24. Bxe4 Be5 25. Bf3 Qxh2+ 26.
Kf1 Bh5 27. Bg1 Qf4 28. Qd2 Qf5 29. Qd3 Qf6 30. Bd4 O-O 31. Qe4 Rae8 32. d6
cxd6 33. Qd5+ Kh8 34. Bxe5 dxe5 35. Ke2 e4 36. Qxh5 exf3+ 37. Kd3 fxg2 38.
Rg1 Qd6+ 39. Kc2 Rf2+ 0-1